| 000 | 01401cam a2200313 4500 | ||
|---|---|---|---|
| 999 |
_c4006 _d4006 |
||
| 001 | 613703 | ||
| 003 | OCoLC | ||
| 005 | 20241205114945.0 | ||
| 008 | 181226r20001998nyua b 000 1 eng d | ||
| 020 |
_a9780590930031 _q(pbk.) |
||
| 035 |
_a(OCoLC)45895371 _z(OCoLC)42811365 _z(OCoLC)874968332 _z(OCoLC)880954107 _z(OCoLC)927482645 |
||
| 040 |
_aDVA _beng _cDVA _dOCL _dOCLCQ _dLEO _dNTAUP _dU9S _dXY4 _dOCLCQ _dGYG _dPBE _dVOV _dOCLCF _dTWTCL _dMTU _dTWNTU _dKH8 |
||
| 041 | 0 | _aeng | |
| 042 | _anbic | ||
| 082 | 0 | 4 |
_a813.54 SHA _221 |
| 100 | 1 |
_aShannon, David, _d1959- _eillustrator, _eauthor. |
|
| 245 | 1 | 0 |
_aNo, David! / _cby David Shannon. |
| 260 |
_aNew York : _bScholastic, _cc2000. |
||
| 300 |
_a1 volume (unpaged) : _bcolor illustrations ; _c28 cm. |
||
| 500 | _a"First Scholastic paperback printing, September 2000"--Title page verso. | ||
| 500 | _a"This edition is only available for distribution through the school market."--Page 4 of cover. | ||
| 500 | _aArt techniques used: Bright, bold, childlike paintings in watercolor and colored pencil. | ||
| 520 | _aA young boy is depicted doing a variety of naughty things for which he is repeatedly admonished, but finally he gets a hug. | ||
| 521 | 8 |
_a100L _bLexile. |
|
| 650 | 0 |
_aChildren _xConduct of life _vJuvenile fiction. |
|
| 655 | 7 |
_aFiction. _0(OCoLC)fst01423787 _2fast. |
|
| 655 | 7 |
_aJuvenile works. _0(OCoLC)fst01411637 _2fast. |
|
| 942 |
_2ddc _cNFIC |
||